000 00517 a2200157 4500
005 20250627093441.0
020 _a0-07-245665-5
082 _a648,403 APP
100 _aAPPLEGATE, L . M .
245 _aCorporate Information Strategy and Management : The Challenges of Managing in a Network Economy
250 _a6th Ed.
260 _aBoston,
_bMcGraw Hill,
_c2003.
300 _ax, 307p.: ill.; figure, table,
_bbibliography & index,
_c23cm.
700 _aAUSTIN, R . D . & McFARLAN, F .W .
942 _2ddc
_cBKS
999 _c5576
_d5576